Statistics for South Africa Springboks Rugby - Most Tries

Click here to take the quiz!

General Stats

  • This quiz has been taken 100 times
  • The average score is 5 of 9

Answer Stats

Years ActiveTriesPlayer% Correct
2004-201667Bryan Habana
100%
2002-201527Jean De Villiers
74%
1997-200825Percy Montgomery
66%
1993-200338Joost Van Der Westhuizen
63%
2006-201624J.P Pietersen
63%
2003-201332Jaque Fourie
59%
1992-199720James Small
55%
1999-200726Breyton Paulse
45%
1997-200321Pieter Rossouw
20%

Score Distribution

Percentile by Number Answered

Percent of People with Each Score

Your Score History

You have not taken this quiz